The Government of the United States (Record no. 343525)

000 -LEADER
fixed length control field 00449 a2200157 4500
020 ## - INTERNATIONAL STANDARD BOOK NUMBER
International Standard Book Number 8130706113
082 ## - DEWEY DECIMAL CLASSIFICATION NUMBER
Classification number 342.733
090 ## - LOCALLY ASSIGNED LC-TYPE CALL NUMBER (OCLC); LOCAL CALL NUMBER (RLIN)
-- 987
-- 987
100 ## - MAIN ENTRY--PERSONAL NAME
Personal name Munro,William B.
245 ## - TITLE STATEMENT
Title The Government of the United States
Statement of responsibility, etc. William B.Munro
260 ## - PUBLICATION, DISTRIBUTION, ETC.
Place of publication, distribution, etc. New Delhi
Name of publisher, distributor, etc. Cosmo Publications
Date of publication, distribution, etc. 2007
300 ## - PHYSICAL DESCRIPTION
Extent Paper cover
500 ## - GENERAL NOTE
General note Paper cover
505 ## - FORMATTED CONTENTS NOTE
Statement of responsibility William B.Munro
Title The Government of the United States
942 ## - ADDED ENTRY ELEMENTS (KOHA)
Institution code [OBSOLETE] NBS
Koha item type Book
Call number prefix 342.733 MUN
Holdings
Withdrawn status Lost status Damaged status Not for loan Permanent Location Current Location Date acquired Total Checkouts Full call number Barcode Date last seen Date last checked out Price effective from Koha item type
        NUST Law School (NLS) NUST Law School (NLS) 08/28/2013 1 342.733 MUN NBSD-642 11/23/2017 08/16/2017 08/28/2013 Book
        NUST Law School (NLS) NUST Law School (NLS) 08/28/2013 1 342.733 MUN NBSD-641 11/23/2017 08/16/2017 08/28/2013 Book
© 2023 Central Library, National University of Sciences and Technology. All Rights Reserved.